Sports Quiz

Random Sports or Letter Quiz

Wrestlers beginning with K Quiz Stats

 Plays Quiz not verified by Sporcle

Challenge
Share
Tweet
Score 0/30 Timer 10:00
0 Plays Today
% Correct
Kane
99.2%
Kofi Kingston
88.3%
Kurt Angle
84.8%
Kharma
78.9%
King Kong Bundy
76%
Kelly Kelly
75.5%
Kamala
74.7%
Koko B.Ware
71.5%
Kaitlyn
66.1%
Kevin Nash
63.5%
Ken Shamrock
62.9%
Killer Kowalski
59.7%
Kaval
53.3%
Kevin Steen
52.3%
Kevin Thorn
52%
% Correct
Kenny Dykstra
47.2%
Kevin Sullivan
46.4%
Konnor
45.9%
Konnan
45.6%
Kevin Von Erich
44.5%
Ken Patera
41.9%
Kazarian
37.1%
Kizarny
36.8%
Kenny King
35.2%
Kid Kash
32.8%
Kenzo Suzuki
32.3%
King Mo
31.7%
Karen Jarrett
29.1%
Karl Anderson
15.5%
Khoya
7.5%

You're not logged in!

Compare scores with friends on all Sporcle quizzes.
OR
Log In

You Might Also Like...

Show Comments

Extras

Top Quizzes Today


Score Distribution

Your Account Isn't Verified!

In order to create a playlist on Sporcle, you need to verify the email address you used during registration. Go to your Sporcle Settings to finish the process.

Report this User

Report this user for behavior that violates our Community Guidelines.

Details: